Grandes tipos (Record no. 121340)
[ view plain ]
| 000 -LEADER | |
|---|---|
| campo de control de longitud fija | 00897nam a2200229 4500 |
| 001 - NÚMERO DE CONTROL | |
| campo de control | 121340 |
| 003 - IDENTIFICADOR DE NÚMERO DE CONTROL | |
| campo de control | ES-MaACL |
| 005 - FECHA Y HORA DE LA ÚLTIMA TRANSACCIÓN | |
| campo de control | 20250822063200.0 |
| 007 - CAMPO FIJO DE DESCRIPCIÓN FÍSICA--INFORMACIÓN GENERAL | |
| campo de control de longitud fija | t| |
| 008 - DATOS DE LONGITUD FIJA--INFORMACIÓN GENERAL | |
| campo de control de longitud fija | 070214s1959 sp r ||||1| spa d |
| 100 1# - ENTRADA PRINCIPAL--NOMBRE DE PERSONA | |
| Nombre de persona | Pla, Josep, |
| Fechas asociadas al nombre | 1897-1981 |
| 9 (RLIN) | 164614 |
| 245 10 - MENCIÓN DEL TÍTULO | |
| Título | Grandes tipos |
| Resto del título | : Unamuno, Ortega y Gasset, Ramón Gómez de la Serna, Gaudí, Blasco Ibáñez, Eugenio d'Ors, José María Sert, Juan Alcover, Salvador Dalí / |
| Mención de responsabilidad, etc. | Josep Pla ; traducción castellana de F. Gutiérrez. |
| 260 ## - PUBLICACIÓN, DISTRIBUCIÓN, ETC. | |
| Lugar de publicación, distribución, etc. | Barcelona : |
| Nombre del editor, distribuidor, etc. | Aedos, |
| Fecha de publicación, distribución, etc. | 1959. |
| 300 ## - DESCRIPCIÓN FÍSICA | |
| Extensión | 263 p., 9 lám. ; |
| Dimensiones | 22 cm. |
| 490 1# - MENCIÓN DE SERIE | |
| Mención de serie | Biblioteca biográfica ; |
| Designación de volumen o secuencia | 12 |
| 650 #4 - PUNTO DE ACCESO ADICIONAL DE MATERIA--TÉRMINO DE MATERIA | |
| Término de materia o nombre geográfico como elemento de entrada | Españoles- |
| Subdivisión cronológica | S.XX- |
| Subdivisión general | Biografías. |
| 9 (RLIN) | 12480 |
| 650 #4 - PUNTO DE ACCESO ADICIONAL DE MATERIA--TÉRMINO DE MATERIA | |
| Término de materia o nombre geográfico como elemento de entrada | Escritores españoles- |
| Subdivisión cronológica | S.XX- |
| Subdivisión general | Biografías. |
| 9 (RLIN) | 161527 |
| 700 1# - ENTRADA AGREGADA--NOMBRE PERSONAL | |
| Nombre de persona | Gutiérrez, F. |
| 9 (RLIN) | 61046 |
| 830 1# - PUNTO DE ACCESO ADICIONAL DE SERIE-TÍTULO UNIFORME | |
| Título uniforme | Biblioteca biográfica ; |
| Designación de volumen o secuencia | 12 |
| 9 (RLIN) | 181197 |
| 852 ## - LOCALIZACIÓN | |
| Ubicación | ES-MaACL |
| Número de control de estantería | C-16468 |
| Estatus retirado | Estado de pérdida | Estado de daño | No para préstamo | Biblioteca de origen | Biblioteca actual | Ubicación en estantería | Fecha de adquisición | Fuente de adquisición | Total de préstamos | Signatura topográfica completa | Código de barras | Visto por última vez | Precio de reemplazo | Tipo de ítem Koha |
|---|---|---|---|---|---|---|---|---|---|---|---|---|---|---|
| Biblioteca del Ateneo de Madrid | Biblioteca del Ateneo de Madrid | Galería | 17/01/2008 | C-16468 | 1126459 | 23/02/2023 | 23/02/2023 | Libro impreso |
